ARRUPE JESUIT UNIVERSITY

CORONAVIRUS -STOP THE SPREAD - CLEAN,DISINFECT,COVER

The struggle continues : (Record no. 124542)

MARC details
000 -LEADER
fixed length control field 00986cam a2200301 i 4500
001 - CONTROL NUMBER
control field 4429592
003 - CONTROL NUMBER IDENTIFIER
control field ARRUPE
005 - DATE AND TIME OF LATEST TRANSACTION
control field 20160407115238.0
008 - FIXED-LENGTH DATA ELEMENTS--GENERAL INFORMATION
fixed length control field 750913s1973 enkac 000 0 eng
010 ## - LIBRARY OF CONGRESS CONTROL NUMBER
LC control number 75324104
020 ## - INTERNATIONAL STANDARD BOOK NUMBER
International Standard Book Number 0901787418 :
035 ## - SYSTEM CONTROL NUMBER
System control number (OCoLC)3073780
035 ## - SYSTEM CONTROL NUMBER
System control number (OCoLC)ocm03073780
035 ## - SYSTEM CONTROL NUMBER
System control number (NNC)4429592
040 ## - CATALOGING SOURCE
Original cataloging agency DLC
Transcribing agency DLC
Modifying agency NNUT
043 ## - GEOGRAPHIC AREA CODE
Geographic area code f-gh---
050 0# - LIBRARY OF CONGRESS CALL NUMBER
Classification number DT512
Item number .N56 1973
090 ## - LOCALLY ASSIGNED LC-TYPE CALL NUMBER (OCLC); LOCAL CALL NUMBER (OCLC)
Classification number (OCLC) (R) ; Classification number, CALL (RLIN) (NR) DT512
Local cutter number (OCLC) ; Book number/undivided call number, CALL (RLIN) .N56 1973
300 ## - PHYSICAL DESCRIPTION
Other physical details ill., port. ;
Dimensions 22 cm.
100 1# - MAIN ENTRY--PERSONAL NAME
Personal name Nkrumah, Kwame,
Dates associated with a name 1909-1972.
9 (RLIN) 23603
245 14 - TITLE STATEMENT
Title The struggle continues :
Remainder of title six ... pamphlets /
Statement of responsibility, etc Kwame Nkrumah.
260 ## - PUBLICATION, DISTRIBUTION, ETC. (IMPRINT)
Place of publication, distribution, etc London :
Name of publisher, distributor, etc Panaf Books Ltd,
Date of publication, distribution, etc c1973.
300 ## - PHYSICAL DESCRIPTION
Extent 83 p. :
505 0# - FORMATTED CONTENTS NOTE
Formatted contents note What I mean by positive action.--The struggle continues.--The way out.--The spectre of Black Power.--The big lie.--Two myths.
651 #0 - SUBJECT ADDED ENTRY--GEOGRAPHIC NAME
Geographic name Ghana
General subdivision Politics and government
Chronological subdivision 1957-1979.
9 (RLIN) 23604
651 #0 - SUBJECT ADDED ENTRY--GEOGRAPHIC NAME
Geographic name Ghana
General subdivision Economic conditions.
9 (RLIN) 23605
942 ## - ADDED ENTRY ELEMENTS (KOHA)
Source of classification or shelving scheme Library of Congress Classification
Koha item type Monograph ( Printed materials)
Holdings
Withdrawn status Lost status Source of classification or shelving scheme Damaged status Not for loan Collection code Home library Current library Shelving location Date acquired Total Checkouts Full call number Barcode Date last seen Date checked out Price effective from Koha item type
    Library of Congress Classification     Main Collection ARRUPE LIBRARY ARRUPE LIBRARY Main Collection 07/04/2016 2 DT510.6.N5 A46 46500007030 30/04/2018 25/04/2018 07/04/2016 Monograph ( Printed materials)

 

Arrupe Library. PO Box MP320 Mt Pleasant, Harare, Zimbabwe
263 242 745411|librarian@aju.ac.zw